000 00572cam a2200241 4500
008 090401t1998 xxu||||| |||| 00| 0 eng d
020 _a1859413161
035 _a(Sirsi) u88934
041 _aeng
050 _a347.4106
100 _aAllen, Christopher
245 _aPractical guide to evidence.
260 _aLondon
_bCavendish Publishing Ltd.
_c1998
300 _axlii,395p. ; 24cm.
350 _a20.95
650 _aESTOPPEL
650 _aEVIDENCE
650 _aHEARSAY EVIDENCE
650 _aLAW
690 _aLAW
942 _n0
948 _c13/10/1998
999 _c97402
_d97402